[Event "PRO League Group Stage"]
[Site "chess.com INT"]
[Date "2019.02.07"]
[Round "5"]
[White "Ly, Moulthun"]
[Black "Tang, Andrew"]
[Result "0-1"]
[WhiteTitle "GM"]
[BlackTitle "GM"]
[WhiteElo "2486"]
[BlackElo "2487"]
[WhiteTeam "Australia Kangaroos"]
[BlackTeam "Minnesota Blizzard"]
[WhiteFideId "3204405"]
[BlackFideId "2059630"]
[EventDate "2019.01.08"]

1. d4 d5 2. c4 e6 3. Nf3 Nf6 4. Nc3 Be7 5. Bf4 O-O 6. e3 Nbd7 7. Qc2 c5 8. Rd1
cxd4 9. Rxd4 Qa5 10. Bg3 b5 11. cxb5 Bb7 12. Bd3 Nc5 13. O-O Nxd3 14. Qxd3 Ne4
15. Ne5 Nxc3 16. bxc3 Rac8 17. c4 dxc4 18. Nxc4 Qxb5 19. Nd6 Qxd3 20. Rxd3 Rcd8
21. Rfd1 Bd5 22. Nb5 a6 23. Nc3 Bc4 24. Rd4 Rxd4 25. Rxd4 Rc8 26. Rd7 Bb4 27.
Be5 f6 28. Bxf6 gxf6 29. Ne4 Bc3 30. f3 Bd5 31. Nd6 Rb8 32. Kf2 Rb2+ 33. Kg3
Be5+ 34. Kh3 Bxd6 35. Rxd6 Rxa2 0-1

[Event "PRO League Group Stage"]
[Site "chess.com INT"]
[Date "2019.02.07"]
[Round "5"]
[White "Beerdsen, Thomas"]
[Black "Cheng, Bobby"]
[Result "1-0"]
[WhiteTitle "IM"]
[BlackTitle "IM"]
[WhiteElo "2484"]
[BlackElo "2520"]
[WhiteTeam "Minnesota Blizzard"]
[BlackTeam "Australia Kangaroos"]
[WhiteFideId "1030108"]
[BlackFideId "4300033"]
[EventDate "2019.01.08"]

1. e4 e6 2. d4 d5 3. Bd3 c5 4. exd5 exd5 5. Nf3 Nf6 6. O-O c4 7. Be2 Be7 8. b3
cxb3 9. axb3 O-O 10. c4 Nc6 11. Nc3 Bg4 12. Bf4 Rc8 13. h3 Bxf3 14. Bxf3 dxc4
15. d5 Nb4 16. d6 Nd3 17. dxe7 Qxe7 18. Bg5 Rfd8 19. Nd5 Qe5 20. Bxf6 gxf6 21.
bxc4 Nb2 22. Qb3 Nxc4 23. Rad1 Kh8 24. Qxb7 Qg5 25. Qxf7 Rd6 26. Ne7 Ne5 27. Qh5
Rcd8 28. Rxd6 1-0

[Event "PRO League Group Stage"]
[Site "chess.com INT"]
[Date "2019.02.07"]
[Round "5"]
[White "Mitkov, Nikola"]
[Black "Sarana, Alexey"]
[Result "0-1"]
[WhiteTitle "GM"]
[BlackTitle "GM"]
[WhiteElo "2477"]
[BlackElo "2630"]
[WhiteTeam "Minnesota Blizzard"]
[BlackTeam "Australia Kangaroos"]
[WhiteFideId "15000290"]
[BlackFideId "24133795"]
[EventDate "2019.01.08"]

1. e4 c5 2. Nc3 d6 3. f4 g6 4. Nf3 Bg7 5. Bb5+ Nc6 6. Bxc6+ bxc6 7. d3 Qb6 8.
O-O Nf6 9. Kh1 O-O 10. Qe1 Bg4 11. b3 Nh5 12. Bd2 Rae8 13. Qh4 Bd7 14. Rae1 Qd8
15. e5 f5 16. Na4 Qc7 17. Re2 Qb7 18. Rfe1 Qc7 19. c4 Qb8 20. Bc3 Qd8 21. h3 Bh6
22. Ng5 Bc8 23. Nb2 Bg7 24. Re3 d5 25. R3e2 e6 26. Bd2 h6 27. Nf3 Qxh4 28. Nxh4
Ng3+ 29. Kg1 Nxe2+ 30. Rxe2 Kh7 31. Na4 Rf7 32. Nxc5 Rd8 33. Nf3 Bf8 34. Na4 c5
35. Ba5 Rdd7 36. Rc2 Bb7 37. Kf2 dxc4 38. dxc4 Be4 39. Re2 Rb7 40. Bd2 Bc6 41.
Nc3 Rfd7 42. Be3 a5 43. Rd2 a4 44. Rxd7+ Bxd7 45. Nd2 axb3 46. axb3 Be7 47. Ke2
g5 48. g3 Kg6 49. Nd1 Bc6 50. Nf2 Rb8 51. Nd3 Bg2 52. Nxc5 Bxc5 53. Bxc5 gxf4
54. gxf4 Bxh3 55. b4 Bg2 56. b5 Kh5 57. Kf2 Bb7 58. Be7 Kg4 59. Ke3 h5 60. c5
Bd5 61. b6 h4 62. Bxh4 Kxh4 63. Nb1 Ra8 64. Nc3 Ra3 65. Kd4 Bc6 66. Kc4 Rxc3+
67. Kxc3 Kg4 68. Kb4 Kxf4 69. Ka5 Kxe5 70. Ka6 Kd4 71. b7 Bxb7+ 0-1

[Event "PRO League Group Stage"]
[Site "chess.com INT"]
[Date "2019.02.07"]
[Round "5"]
[White "Dreev, Aleksey"]
[Black "Berczes, David"]
[Result "1/2-1/2"]
[WhiteTitle "GM"]
[BlackTitle "GM"]
[WhiteElo "2670"]
[BlackElo "2464"]
[WhiteTeam "San Diego Surfers"]
[BlackTeam "Dallas Destiny"]
[WhiteFideId "4100107"]
[BlackFideId "722960"]
[EventDate "2019.01.08"]

1. d4 e6 2. c4 b6 3. Nc3 Bb7 4. a3 f5 5. d5 Nf6 6. g3 Na6 7. Bg2 Bd6 8. e3 O-O
9. Nge2 Nc5 10. O-O a5 11. b3 Be5 12. Bb2 exd5 13. cxd5 Ba6 14. Rb1 Qe8 15. b4
axb4 16. axb4 Nce4 17. b5 Bb7 18. Qc2 Qh5 19. Nxe4 fxe4 20. Nf4 Qf5 21. f3 Bxb2
22. fxe4 Qe5 23. Qxb2 Qxb2 24. Rxb2 Ng4 25. Rc1 g5 26. Nd3 Nxe3 27. Re2 Nxg2 28.
Kxg2 Rfe8 29. Kf3 Ra3 30. Re3 Bxd5 31. exd5 g4+ 32. Kxg4 Rxe3 33. Nf4 Rac3 34.
Ra1 Kf7 35. Ra7 Re5 36. Ra8 d6 37. Rh8 Kg7 38. Rc8 Rc4 39. Kf3 Rxf4+ 40. Kxf4
Rxd5 41. Rxc7+ Kg6 42. Rc6 Rxb5 43. Rxd6+ Kg7 44. Rd7+ Kg6 45. Rd6+ Kg7 46. g4
h6 47. Kg3 Rb2 48. h3 b5 49. Rb6 b4 50. Kf4 Rb3 51. h4 Rb1 52. Kg3 Rb3+ 53. Kf4
Rb1 54. Kg3 Rb3+ 55. Kf4 Rb1 1/2-1/2

[Event "PRO League Group Stage"]
[Site "chess.com INT"]
[Date "2019.02.07"]
[Round "5"]
[White "Brown, Michael William"]
[Black "Zhu, Jiner"]
[Result "0-1"]
[WhiteTitle "IM"]
[BlackTitle "WIM"]
[WhiteElo "2524"]
[BlackElo "2424"]
[WhiteTeam "San Diego Surfers"]
[BlackTeam "Dallas Destiny"]
[WhiteFideId "2037602"]
[BlackFideId "8608059"]
[EventDate "2019.01.08"]

1. c4 Nf6 2. Nc3 e6 3. e4 c5 4. e5 Ng8 5. d4 cxd4 6. Qxd4 Nc6 7. Qe3 d6 8. exd6
Bxd6 9. Nf3 Nf6 10. Bd3 O-O 11. O-O a6 12. h3 Qe7 13. Qe2 h6 14. Be3 e5 15. Nd2
Be6 16. Rfe1 Rad8 17. Nde4 Nxe4 18. Bxe4 f5 19. Bd5 Kh8 20. Rad1 Rd7 21. c5 Bb8
22. Qc4 Bxd5 23. Rxd5 Rfd8 24. f3 Rxd5 25. Nxd5 Qe6 26. Nb6 Qg6 27. Qc2 Nd4 28.
Qf2 e4 29. Bxd4 Bg3 30. Qd2 Be5 31. f4 Bxd4+ 32. Kh1 Qg3 33. Nc4 Kh7 34. Rf1 Bg1 0-1

[Event "PRO League Group Stage"]
[Site "chess.com INT"]
[Date "2019.02.07"]
[Round "5"]
[White "Xiong, Jeffery"]
[Black "Khachiyan, Melikset"]
[Result "1-0"]
[WhiteTitle "GM"]
[BlackTitle "GM"]
[WhiteElo "2672"]
[BlackElo "2509"]
[WhiteTeam "Dallas Destiny"]
[BlackTeam "San Diego Surfers"]
[WhiteFideId "2047640"]
[BlackFideId "13300512"]
[EventDate "2019.01.08"]

1. d4 d5 2. c4 c6 3. Nf3 Nf6 4. cxd5 cxd5 5. Nc3 Nc6 6. Bf4 Ne4 7. Nd2 Nxd4 8.
Ndxe4 dxe4 9. e3 Nc6 10. Qxd8+ Nxd8 11. O-O-O Bd7 12. Nxe4 f6 13. Bg3 e5 14. f4
Nf7 15. Kb1 Bc6 16. Nc3 Bc5 17. Bb5 Ke7 18. Nd5+ Bxd5 19. Rxd5 Bd6 20. Rhd1 Rhd8
21. Bd3 g6 22. Be4 Rac8 23. R5d3 b6 24. Bd5 Nh6 25. Bb7 Rb8 26. Be4 Nf5 27. Bxf5
gxf5 28. Bh4 Bc7 29. Rxd8 Bxd8 30. fxe5 Ke6 31. Rd6+ Kxe5 32. Bg3+ Ke4 33. Bf4 1-0

[Event "PRO League Group Stage"]
[Site "chess.com INT"]
[Date "2019.02.07"]
[Round "5"]
[White "Holt, Conrad"]
[Black "Lu, Albert"]
[Result "1-0"]
[WhiteTitle "GM"]
[BlackTitle "FM"]
[WhiteElo "2548"]
[BlackElo "2242"]
[WhiteTeam "Dallas Destiny"]
[BlackTeam "San Diego Surfers"]
[WhiteFideId "2034387"]
[BlackFideId "2057000"]
[EventDate "2019.01.08"]

1. d4 d5 2. c4 e6 3. Nc3 Be7 4. cxd5 exd5 5. Bf4 Nf6 6. e3 O-O 7. Bd3 c5 8. Nge2
Nc6 9. O-O cxd4 10. Nxd4 Nxd4 11. exd4 Bd7 12. Re1 Bc6 13. Qf3 h6 14. Be5 Re8
15. Qg3 Bf8 16. Re3 Nd7 17. Bf4 Rxe3 18. fxe3 Qf6 19. Rf1 Re8 20. Qh3 Qe6 21.
Bf5 Qe7 22. e4 Nf6 23. e5 Ne4 24. Bxe4 dxe4 25. d5 Bd7 26. Qg3 Qc5+ 27. Be3 Qc7
28. e6 Qxg3 29. exf7+ Kh7 30. hxg3 Re5 31. Bxa7 Kg6 32. Bd4 Rf5 33. Re1 Rxf7 34.
Rxe4 Bb4 35. Bxg7 Bxc3 36. Bxc3 Bf5 37. Rb4 Rd7 38. Rb6+ Kg5 39. Kh2 Rxd5 40.
Rxb7 h5 41. Rb6 Bg6 42. a4 Kf5 43. a5 Rd8 44. a6 Kg5 45. Bf6+ 1-0

[Event "PRO League Group Stage"]
[Site "chess.com INT"]
[Date "2019.02.07"]
[Round "5"]
[White "Ravuri, Vinesh"]
[Black "Sargissian, Gabriel"]
[Result "0-1"]
[BlackTitle "GM"]
[WhiteElo "2042"]
[BlackElo "2689"]
[WhiteTeam "San Jose Hackers"]
[BlackTeam "Seattle Sluggers"]
[WhiteFideId "45042632"]
[BlackFideId "13300881"]
[EventDate "2019.01.08"]

1. d4 Nf6 2. Nc3 d5 3. Bf4 e6 4. e3 Be7 5. Nf3 O-O 6. Bd3 c5 7. dxc5 Qa5 8. O-O
Qxc5 9. e4 dxe4 10. Nxe4 Nxe4 11. Bxe4 Nc6 12. Qe2 Re8 13. Rad1 Bf6 14. c3 e5
15. Bg5 Qe7 16. Bxc6 bxc6 17. Bxf6 gxf6 18. Rfe1 Be6 19. b3 Rad8 20. Rxd8 Rxd8
21. Rd1 Rd5 22. c4 Rd7 23. Rxd7 Qxd7 24. h3 Kg7 25. Nd2 Qd4 26. Nf3 Qf4 27. Qe3
Qxe3 28. fxe3 Kf8 29. Kf2 Ke7 30. Ke2 Kd6 31. Kd2 c5 32. Kc3 a5 33. e4 f5 34.
Nd2 f4 35. a3 Bd7 36. b4 axb4+ 37. axb4 Bc6 38. bxc5+ Kxc5 39. Nb3+ Kb6 40. Kd3
Ba4 41. Nd2 Kc5 42. Kc3 f6 43. Nf3 Bd1 44. Ne1 Be2 0-1

[Event "PRO League Group Stage"]
[Site "chess.com INT"]
[Date "2019.02.07"]
[Round "5"]
[White "Prasanna, Raghuram Rao"]
[Black "Sadorra, Julio Catalino"]
[Result "0-1"]
[WhiteTitle "IM"]
[BlackTitle "GM"]
[WhiteElo "2460"]
[BlackElo "2568"]
[WhiteTeam "San Jose Hackers"]
[BlackTeam "Seattle Sluggers"]
[WhiteFideId "5022401"]
[BlackFideId "5201268"]
[EventDate "2019.01.08"]

1. d4 e6 2. c4 f5 3. g3 Nf6 4. Bg2 d5 5. Nh3 Bd6 6. O-O O-O 7. Nc3 c6 8. Bf4 Be7
9. Qc2 h6 10. Rfd1 g5 11. Be5 Ng4 12. Rac1 Nd7 13. Qb3 dxc4 14. Qxc4 Ndxe5 15.
dxe5 Nxe5 16. Qb3 Qe8 17. Na4 Bf6 18. Nc5 Qe7 19. Kh1 Nf7 20. e4 b6 21. Nd3 Bb7
22. exf5 exf5 23. Re1 Qd7 24. Rcd1 c5 25. Bxb7 Qxb7+ 26. Kg1 Qc8 27. Qc4 Kg7 28.
f4 Bd4+ 29. Nhf2 Nd6 30. Qc2 Ne4 31. Kg2 Qb7 32. Nxe4 fxe4 33. Nf2 Rae8 34. Nxe4
gxf4 35. Kh3 f3 36. Nc3 Qd7+ 37. g4 Rxe1 38. Rxe1 Rf4 0-1

[Event "PRO League Group Stage"]
[Site "chess.com INT"]
[Date "2019.02.07"]
[Round "5"]
[White "Margvelashvili, Giorgi"]
[Black "Safarli, Eltaj"]
[Result "1/2-1/2"]
[WhiteTitle "GM"]
[BlackTitle "GM"]
[WhiteElo "2530"]
[BlackElo "2681"]
[WhiteTeam "Seattle Sluggers"]
[BlackTeam "San Jose Hackers"]
[WhiteFideId "13602926"]
[BlackFideId "13402129"]
[EventDate "2019.01.08"]

1. d4 Nf6 2. c4 e6 3. Nf3 d5 4. Bg5 Be7 5. Nc3 O-O 6. e3 h6 7. Bh4 Ne4 8. Bxe7
Qxe7 9. Rc1 c6 10. Qc2 Nxc3 11. Qxc3 Nd7 12. Be2 dxc4 13. Bxc4 b6 14. O-O Bb7
15. Be2 c5 16. Rfd1 Rfc8 17. h3 cxd4 18. Qxd4 Nf6 1/2-1/2

[Event "PRO League Group Stage"]
[Site "chess.com INT"]
[Date "2019.02.07"]
[Round "5"]
[White "Yu, Jason"]
[Black "Mamedov, Rauf"]
[Result "1-0"]
[BlackTitle "GM"]
[WhiteElo "2081"]
[BlackElo "2703"]
[WhiteTeam "Seattle Sluggers"]
[BlackTeam "San Jose Hackers"]
[WhiteFideId "30907624"]
[BlackFideId "13401653"]
[EventDate "2019.01.08"]

1. e4 c5 2. Nf3 Nc6 3. d4 cxd4 4. Nxd4 g6 5. Be2 Bg7 6. Nb3 Nf6 7. Nc3 d6 8. O-O
O-O 9. Bg5 a5 10. a4 Be6 11. Kh1 Rc8 12. f4 Nb4 13. Nd4 Bc4 14. Ndb5 Re8 15.
Bxc4 Rxc4 16. Qe2 Qc8 17. e5 Nfd5 18. Bxe7 Rxe7 19. Nxd6 Rxc3 20. Nxc8 Rxc8 21.
c3 Nc6 22. Rad1 Rd8 23. Qb5 Red7 24. Rde1 Nde7 25. e6 fxe6 26. Rxe6 Nf5 27. Qb3
Kh8 28. g3 Bf8 29. Rfe1 Kg7 30. g4 Nh4 31. Re8 Nf3 32. Rxd8 Nxd8 33. Rd1 Bd6 34.
Qd5 Nh4 35. Qxa5 Nc6 36. Rxd6 Nxa5 37. Rxd7+ Kf6 38. b4 Nc4 39. Rxh7 Nf3 40.
Rxb7 Ne3 41. Rb6+ Kf7 42. h3 Nd2 43. a5 Ne4 44. a6 Nf2+ 45. Kh2 Ne4 46. a7 1-0

[Event "PRO League Group Stage"]
[Site "chess.com INT"]
[Date "2019.02.07"]
[Round "5"]
[White "Corrales Jimenez, Fidel"]
[Black "Ly, Moulthun"]
[Result "1/2-1/2"]
[WhiteTitle "GM"]
[BlackTitle "GM"]
[WhiteElo "2559"]
[BlackElo "2486"]
[WhiteTeam "Minnesota Blizzard"]
[BlackTeam "Australia Kangaroos"]
[WhiteFideId "3506690"]
[BlackFideId "3204405"]
[EventDate "2019.01.08"]

1. d4 Nf6 2. c4 e6 3. Nf3 d5 4. Nc3 Bb4 5. Qa4+ Nc6 6. e3 O-O 7. Bd2 dxc4 8.
Bxc4 Bd6 9. Rd1 a6 10. Be2 Bd7 11. Qc2 Qe7 12. O-O e5 13. dxe5 Nxe5 14. Nxe5
Bxe5 15. Bf3 Rab8 16. e4 c5 17. Rfe1 Be6 18. Bg5 Qc7 19. g3 h6 20. Be3 b5 21.
Nd5 Bxd5 22. exd5 Bd6 23. b3 Rfe8 24. Re2 Re7 25. Rc1 Rbe8 26. Kf1 Nd7 27. Bg2
Nf6 28. Qf5 Re5 29. Qf3 Nxd5 30. Rce1 Nxe3+ 31. Rxe3 g6 32. Rxe5 Rxe5 33. Rxe5
Bxe5 34. Qa8+ Kg7 35. Qxa6 Qd8 36. Bf3 b4 37. Kg2 Bd4 38. Qe2 h5 39. h4 Qf6 40.
Bd5 Qd6 41. Qf3 Qf6 1/2-1/2

[Event "PRO League Group Stage"]
[Site "chess.com INT"]
[Date "2019.02.07"]
[Round "5"]
[White "Tang, Andrew"]
[Black "Song, Raymond"]
[Result "1/2-1/2"]
[WhiteTitle "GM"]
[BlackTitle "FM"]
[WhiteElo "2487"]
[BlackElo "2329"]
[WhiteTeam "Minnesota Blizzard"]
[BlackTeam "Australia Kangaroos"]
[WhiteFideId "2059630"]
[BlackFideId "3203824"]
[EventDate "2019.01.08"]

1. d4 Nf6 2. Bf4 d5 3. e3 e6 4. Nf3 c5 5. Nbd2 Nc6 6. c3 cxd4 7. exd4 Nh5 8. Be3
Bd6 9. Ne5 g6 10. g4 Ng7 11. h4 h5 12. Bg5 Qb6 13. Bf6 Rg8 14. Nb3 Bxe5 15. dxe5
hxg4 16. Qxg4 Nh5 17. Qf3 Bd7 18. O-O-O Nxf6 19. Qxf6 Qd8 20. Qxd8+ Rxd8 21. f4
b6 22. Be2 Ke7 23. Rh2 Rh8 24. Kd2 Rh6 25. Ke3 Rdh8 26. Rdh1 Be8 27. Nc1 f6 28.
exf6+ Kxf6 29. Nd3 Ke7 30. Nf2 Rf8 31. Ng4 Rhh8 32. Rg1 Kd6 33. Bb5 Ne7 34. Bd3
Nc6 35. a3 Rh5 36. b4 e5 37. fxe5+ Nxe5 38. Nxe5 Rxe5+ 39. Kd2 Rf6 40. Rg3 Rh5
41. Rg4 Rh6 42. Rhg2 Bf7 43. Rd4 Ke7 44. Bc2 Kf8 45. Kc1 Kg7 46. Kb2 Rf3 47. a4
Rh3 48. Rgg4 Rh2 49. Kc1 Be6 50. Rgf4 Rh5 51. Bb3 Re5 52. Rd2 Rh3 53. Kb2 Ree3
54. Bxd5 Bxd5 55. Rxd5 Rxc3 56. Rd7+ Kh6 57. Rff7 Kh5 58. Rh7+ Kg4 59. Rd4+ Kf5
60. Rxa7 Rb3+ 61. Ka2 Ra3+ 62. Kb2 Rhb3+ 63. Kc2 Rc3+ 64. Kb2 Rab3+ 65. Ka2 Ra3+
66. Kb2 Rab3+ 67. Ka2 Ra3+ 1/2-1/2

[Event "PRO League Group Stage"]
[Site "chess.com INT"]
[Date "2019.02.07"]
[Round "5"]
[White "Sarana, Alexey"]
[Black "Beerdsen, Thomas"]
[Result "0-1"]
[WhiteTitle "GM"]
[BlackTitle "IM"]
[WhiteElo "2630"]
[BlackElo "2484"]
[WhiteTeam "Australia Kangaroos"]
[BlackTeam "Minnesota Blizzard"]
[WhiteFideId "24133795"]
[BlackFideId "1030108"]
[EventDate "2019.01.08"]

1. d4 e6 2. Nf3 c5 3. e4 cxd4 4. Nxd4 Nc6 5. Nc3 Qc7 6. Be3 Nf6 7. Qf3 Ne5 8.
Qg3 h5 9. Ndb5 Qb8 10. Bxa7 Rxa7 11. Nxa7 Qxa7 12. Qxe5 Qxf2+ 13. Kxf2 Ng4+ 14.
Ke1 Nxe5 15. Rd1 Bc5 16. Be2 h4 17. Nb5 Ke7 18. c3 g6 19. Rf1 f5 20. Bf3 b6 21.
Nd4 Ba6 22. Be2 Bb7 23. exf5 gxf5 24. g3 hxg3 25. hxg3 Rh3 26. b4 Bd6 27. Rxf5
exf5 28. Nxf5+ Ke6 29. Rxd6+ Kxf5 30. Rxb6 Be4 31. Kf2 Bd5 32. a4 Ke4 33. Rd6
Rh2+ 34. Kf1 Be6 35. Ba6 Ke3 36. Bb7 Rf2+ 37. Kg1 Ra2 38. a5 Ra1+ 39. Kg2 Ra2+
40. Kg1 Bg4 41. a6 Ra1+ 42. Kg2 Ra2+ 43. Kg1 Nf3+ 44. Bxf3 Bxf3 45. g4 Rg2+ 46.
Kf1 Rh2 0-1

[Event "PRO League Group Stage"]
[Site "chess.com INT"]
[Date "2019.02.07"]
[Round "5"]
[White "Cheng, Bobby"]
[Black "Mitkov, Nikola"]
[Result "0-1"]
[WhiteTitle "IM"]
[BlackTitle "GM"]
[WhiteElo "2520"]
[BlackElo "2477"]
[WhiteTeam "Australia Kangaroos"]
[BlackTeam "Minnesota Blizzard"]
[WhiteFideId "4300033"]
[BlackFideId "15000290"]
[EventDate "2019.01.08"]

1. d4 d5 2. c4 e6 3. Nf3 Nf6 4. g3 dxc4 5. Bg2 Nc6 6. O-O Rb8 7. Nc3 Bb4 8. Qc2
O-O 9. Rd1 Re8 10. e4 h6 11. d5 exd5 12. exd5 Ne7 13. Nb5 Nexd5 14. Qxc4 c6 15.
Nc3 Qb6 16. a3 Bc5 17. Rf1 Nxc3 18. bxc3 Be6 19. Qh4 Ng4 20. Nd4 Be7 21. Qh5 Nf6
22. Qh4 Bd7 23. Re1 Qc5 24. Qf4 Bd6 25. Qd2 Rxe1+ 26. Qxe1 Re8 27. Be3 Nd5 28.
Nc2 Nxe3 29. Nxe3 Be5 30. Qd1 Bc8 31. Rb1 Qxc3 32. a4 Qd4 33. Qb3 Qc5 34. Nc2
Bf5 35. Rc1 Bd4 36. h3 Bxf2+ 37. Kh2 Bd4 38. Qxb7 Bxc2 39. Qxc6 Qxc6 40. Bxc6
Re2+ 41. Kh1 Be4+ 0-1

[Event "PRO League Group Stage"]
[Site "chess.com INT"]
[Date "2019.02.07"]
[Round "5"]
[White "Wu, Rochelle"]
[Black "Xu, Xiangyu"]
[Result "0-1"]
[WhiteTitle "WCM"]
[BlackTitle "GM"]
[WhiteElo "2154"]
[BlackElo "2567"]
[WhiteTeam "San Francisco Mechanics"]
[BlackTeam "Chengdu Pandas"]
[WhiteFideId "30908132"]
[BlackFideId "8608288"]
[EventDate "2019.01.08"]

1. d4 g6 2. c4 Bg7 3. Nc3 e6 4. e4 Ne7 5. Be3 d5 6. Qd2 Nbc6 7. e5 f6 8. f4 Nf5
9. Nf3 fxe5 10. fxe5 Nxe3 11. Qxe3 Ne7 12. g4 b6 13. O-O-O Bb7 14. Kb1 Qd7 15.
Be2 O-O-O 16. Rhf1 h5 17. Ng5 Bh6 18. h4 dxc4 19. Bxc4 hxg4 20. Rf6 Bd5 21. Nxd5
Nxd5 22. Bxd5 Qxd5 23. Rxg6 Rdg8 24. Rxg8+ Rxg8 25. Qf4 Bxg5 26. hxg5 Qf3 27.
Qxf3 gxf3 28. Rf1 Rxg5 29. Rxf3 Rg4 30. Rf8+ Kd7 31. Rf7+ Kd8 32. Rf8+ Ke7 33.
Ra8 a5 34. Rh8 Rxd4 35. Rh7+ Kd8 36. Rh6 Kd7 37. Rh7+ Kc6 38. Re7 Kd5 39. Rxc7
Kxe5 40. Rc6 Rd6 41. Rc2 Kf4 42. Rf2+ Ke3 43. Rf1 e5 44. Kc1 e4 45. Re1+ Kf3 46.
Rf1+ Ke2 47. Rh1 Rc6+ 48. Kb1 e3 49. Rh2+ Kd1 50. Rh1+ Kd2 0-1

[Event "PRO League Group Stage"]
[Site "chess.com INT"]
[Date "2019.02.07"]
[Round "5"]
[White "Naroditsky, Daniel"]
[Black "Bai, Jinshi"]
[Result "1/2-1/2"]
[WhiteTitle "GM"]
[BlackTitle "GM"]
[WhiteElo "2616"]
[BlackElo "2572"]
[WhiteTeam "San Francisco Mechanics"]
[BlackTeam "Chengdu Pandas"]
[WhiteFideId "2026961"]
[BlackFideId "8602280"]
[EventDate "2019.01.08"]

1. e4 e5 2. Nf3 Nf6 3. Nxe5 d6 4. Nf3 Nxe4 5. Qe2 Qe7 6. d3 Nf6 7. Bg5 Qxe2+ 8.
Bxe2 Be7 9. Nc3 O-O 10. O-O-O c6 11. d4 d5 12. Rhe1 Re8 13. Ne5 Nbd7 14. f4 h6
15. Bh4 Ne4 16. Bxe7 Nxc3 17. bxc3 Rxe7 18. Bd3 Nxe5 19. Rxe5 Kf8 20. Rde1 Rxe5
21. dxe5 g6 22. Kd2 Be6 23. Ke3 h5 24. a3 c5 25. Be2 1/2-1/2

[Event "PRO League Group Stage"]
[Site "chess.com INT"]
[Date "2019.02.07"]
[Round "5"]
[White "Chu, Wei Chao"]
[Black "Negi, Parimarjan"]
[Result "0-1"]
[WhiteTitle "IM"]
[BlackTitle "GM"]
[WhiteElo "2373"]
[BlackElo "2656"]
[WhiteTeam "Chengdu Pandas"]
[BlackTeam "San Francisco Mechanics"]
[WhiteFideId "8605661"]
[BlackFideId "5016690"]
[EventDate "2019.01.08"]

1. d4 Nf6 2. c4 g6 3. Nc3 d5 4. cxd5 Nxd5 5. Bd2 Bg7 6. e4 Nxc3 7. Bxc3 O-O 8.
Nf3 Bg4 9. Be2 Nc6 10. d5 Bxf3 11. Bxf3 Bxc3+ 12. bxc3 Ne5 13. Be2 Qd6 14. O-O
g5 15. Rb1 b6 16. Qd2 h6 17. h4 g4 18. a4 Kh7 19. a5 Rg8 20. Qe3 g3 21. f4 Nd7
22. e5 Qc5 23. Qd4 e6 24. Bb5 Rad8 25. Bxd7 Qxd4+ 26. cxd4 Rxd7 27. dxe6 fxe6
28. Rfc1 Rf8 29. Rb3 Rxf4 30. Rxg3 Rxh4 31. Rgc3 Rhxd4 32. Rxc7 bxa5 33. R7c6
Rd2 34. Rxe6 Rg7 35. Rcc6 Rdxg2+ 36. Kh1 R2g6 37. Rxg6 Rxg6 38. Rc7+ Rg7 39. Rc5
a4 40. Ra5 Rg4 41. Rxa7+ Kg6 42. e6 Rb4 43. e7 Kf7 44. Kg2 Rb2+ 45. Kh1 Ra2 46.
Kg1 h5 47. Kh1 h4 48. Kg1 a3 49. Kh1 Ke8 50. Kg1 h3 51. Kh1 h2 52. Ra8+ Kxe7 53.
Re8+ Kd6 54. Re6+ Kd5 55. Re5+ Kd4 56. Re4+ Kd3 57. Re3+ Kd2 58. Re2+ Kxe2 0-1

[Event "PRO League Group Stage"]
[Site "chess.com INT"]
[Date "2019.02.07"]
[Round "5"]
[White "Zhai, Mo"]
[Black "Shankland, Samuel"]
[Result "0-1"]
[WhiteTitle "WGM"]
[BlackTitle "GM"]
[WhiteElo "2365"]
[BlackElo "2725"]
[WhiteTeam "Chengdu Pandas"]
[BlackTeam "San Francisco Mechanics"]
[WhiteFideId "8600201"]
[BlackFideId "2004887"]
[EventDate "2019.01.08"]

1. d4 Nf6 2. c4 c5 3. d5 b5 4. cxb5 a6 5. e3 axb5 6. Bxb5 Qa5+ 7. Nc3 Bb7 8. Bd2
Qb6 9. Qb3 e6 10. e4 Nxe4 11. Nxe4 Bxd5 12. Qd3 f5 13. Ng3 Bxg2 14. N1e2 Bxh1
15. Nxh1 Be7 16. Bc3 O-O 17. Bxd7 Rd8 18. Qg3 Bf8 19. Nf4 Rxd7 20. Nh5 Qb7 21.
f3 Rd3 22. Qe5 Qf7 23. Nf4 Rxf3 24. Nxe6 Nc6 25. Qe2 Rxc3 26. Ng5 Qg6 27. bxc3
Re8 0-1

[Event "PRO League Group Stage"]
[Site "chess.com INT"]
[Date "2019.02.07"]
[Round "5"]
[White "Holt, Conrad"]
[Black "Dreev, Aleksey"]
[Result "1-0"]
[WhiteTitle "GM"]
[BlackTitle "GM"]
[WhiteElo "2548"]
[BlackElo "2670"]
[WhiteTeam "Dallas Destiny"]
[BlackTeam "San Diego Surfers"]
[WhiteFideId "2034387"]
[BlackFideId "4100107"]
[EventDate "2019.01.08"]

1. d4 d5 2. c4 c6 3. Nf3 Nf6 4. Nc3 e6 5. cxd5 exd5 6. Bg5 Be7 7. Qc2 Nbd7 8. e3
Nh5 9. Bxe7 Qxe7 10. Be2 Nhf6 11. O-O O-O 12. a3 Nb6 13. Bd3 Be6 14. Ne5 Nc8 15.
f4 Nd6 16. f5 Bd7 17. Rf3 c5 18. Nxd7 Qxd7 19. dxc5 Nc4 20. Nxd5 Qxd5 21. Bxc4
Qe5 22. Re1 Rad8 23. b4 Rd7 24. Bb5 Rd5 25. h3 Rfd8 26. e4 Rd4 27. Qc3 h5 28.
Rd3 Nxe4 29. Rxd4 Rxd4 30. Qe3 f6 31. c6 bxc6 32. Bxc6 Ng3 33. Qb3+ 1-0

[Event "PRO League Group Stage"]
[Site "chess.com INT"]
[Date "2019.02.07"]
[Round "5"]
[White "Xiong, Jeffery"]
[Black "Brown, Michael William"]
[Result "1-0"]
[WhiteTitle "GM"]
[BlackTitle "IM"]
[WhiteElo "2672"]
[BlackElo "2524"]
[WhiteTeam "Dallas Destiny"]
[BlackTeam "San Diego Surfers"]
[WhiteFideId "2047640"]
[BlackFideId "2037602"]
[EventDate "2019.01.08"]

1. e4 e5 2. Nf3 Nc6 3. d4 exd4 4. Nxd4 Bc5 5. Be3 Qf6 6. c3 Nge7 7. Bb5 a6 8.
Ba4 b5 9. Bc2 Bb7 10. O-O d5 11. Nxb5 Bd6 12. Nxd6+ Qxd6 13. Nd2 O-O 14. Nb3
Rfd8 15. Re1 Rab8 16. Qh5 h6 17. Rad1 Qe5 18. Qxe5 Nxe5 19. exd5 Nxd5 20. Ba7 1-0